000 00601nam a2200205Ia 4500
001 17153
003 GE_BSU
008 181216s||||||||xx |||||||||||||| ||und||
040 _cGE_BSU
080 _a821.353.1-11
100 _aგურამიშვილი, დავით (1705-1792)
245 _aდავითიანი
245 _cპ/მგ.რედ.ალ.ბარამიძე
260 _aთბილისი
260 _bსაბჭ. მწერალი
260 _c1955
300 _a371გვ.; 19სმ.
653 _aდავითიანი
942 _cBK
999 _c50215
_d50215